000 00678nam a22002057a 4500
005 20251108172526.0
008 250721s2001 xx 000 0 ara d
082 1 4 _a347.02/سعد
100 1 _aأبو سعد، محمد شتا
245 1 0 _aتعويض القضائي و الشرط الجزائي و الفوائد القانونية /
264 1 _aالإسكندرية :
_bدار الجامعة الجديدة للنشر،
_c2001.
300 _a480ص.
490 0 _aالمكتب القانونية
650 1 7 _aالتعويض القضائي
650 1 7 _aالقانون
650 1 7 _aالمحاكم
650 1 7 _aالقضاء
942 _2ddc
_cBK
999 _c81591
_d81591